|
|
|
|
| LEADER |
01443cas a2200241 a 4500 |
| 001 |
AALejournalIMF000602 |
| 008 |
230101c9999 xx r poo 0 0eng d |
| 020 |
|
|
|c 5.00 USD
|
| 020 |
|
|
|z 9781451847918
|
| 022 |
|
|
|a 1018-5941
|
| 040 |
|
|
|a BD-DhAAL
|c BD-DhAAL
|
| 100 |
1 |
|
|a Randall, Ruby.
|
| 245 |
1 |
0 |
|a Interest Rate Spreads in the Eastern Caribbean /
|c Ruby Randall.
|
| 264 |
|
1 |
|a Washington, D.C. :
|b International Monetary Fund,
|c 1998.
|
| 300 |
|
|
|a 1 online resource (39 pages)
|
| 490 |
1 |
|
|a IMF Working Papers
|
| 500 |
|
|
|a <strong>Off-Campus Access:</strong> No User ID or Password Required
|
| 500 |
|
|
|a <strong>On-Campus Access:</strong> No User ID or Password Required
|
| 506 |
|
|
|a Electronic access restricted to authorized BRAC University faculty, staff and students
|
| 520 |
3 |
|
|a This paper examines interest rate spreads in the Eastern Caribbean and seeks to explain why they are persistently high by comparison with other low-inflation countries. The paper concludes that operating costs appear to be a key determinant of observed interest rate spreads, giving rise to the policy recommendation that efforts to expand the market size of efficient banks might help pave the way for greater efficiency.
|
| 538 |
|
|
|a Mode of access: Internet
|
| 830 |
|
0 |
|a IMF Working Papers; Working Paper ;
|v No. 1998/059
|
| 856 |
4 |
0 |
|z Full text available on IMF
|u http://elibrary.imf.org/view/journals/001/1998/059/001.1998.issue-059-en.xml
|z IMF e-Library
|